[Event "Havana Province-ch U14"]
[Site "Havana"]
[Date "2010.04.07"]
[Round "13"]
[White "Cruz Portuondo, Manuel de Jesus"]
[Black "Berdayes Ason, Dylan Isidro"]
[Result "1-0"]
[WhiteElo "2056"]
[BlackElo "2056"]
[PlyCount "101"]
[EventDate "2010.03.21"]
[EventType "tourn"]
[EventRounds "13"]
[EventCountry "CUB"]
[EventCategory "1"]
[SourceTitle "EXT 2012"]
[Source "ChessBase"]
[SourceDate "2011.11.24"]
[SourceVersion "1"]
[SourceVersionDate "2011.11.24"]
[SourceQuality "1"]

1. e4 c5 2. Nf3 d6 3. d4 cxd4 4. Nxd4 Nf6 5. Nc3 g6 6. Nd5 Nxd5 7. Bb5+ Bd7 8. exd5 Bg7 9. 0-0 0-0 10. Be2 e5 11. dxe6 fxe6 12. c3 Nc6 13. Nb5 d5 14. Be3 a6 15. Nd4 Kh8 16. Qd2 Rc8 17. Rfe1 Qc7 18. Nf3 Ne7 19. Bh6 Nf5 20. Bxg7+ Kxg7 21. Bd3 Rcd8 22. Qg5 Bc8 23. h4 Qe7 24. Qg4 Qf6 25. h5 Nh6 26. Qg3 Qf4 27. Qxf4 Rxf4 28. hxg6 hxg6 29. Ne5 g5 30. Nf3 Nf7 31. Re2 Rh8 32. Re3 Rf6 33. g3 Rfh6 34. Kg2 Kf6 35. c4 g4 36. Nh4 d4 37. Re4 e5 38. Rae1 Rxh4 39. gxh4 Bf5 40. Kg3 Re8 41. c5 b6 42. cxb6 Nd6 43. Rxd4 exd4 44. Rxe8 Bxd3 45. Rd8 Ne4+ 46. Kf4 Nc5 47. Rxd4 Bb5 48. Kxg4 Bd7+ 49. Kf3 Be6 50. b4 Nb7 51. Kf4 1-0